000 00234nam a2200097Ia 4500
008 170619s9999 xx 000 0 und d
100 _aReddy- A.M
245 0 _aTextbook of Environmental Science & Technology
260 _bBSP
260 _c2012
546 _aENGLISH
999 _c21222
_d21222